000 00572nam a2200193Ia 4500
005 20250326141740.0
008 250326s9999 xx 000 0 und d
020 _a81-7169-048-3
037 _aTextbook
040 _aFMSL
_beng
_cFMSL
041 _aeng
_2eng
084 _aX8(J741).44 N0
_qFMSL
100 _aGoyal Hari Dev
_9745002
245 0 _aIndian jute industry : Problems and prospects
_cGoyal Hari Dev
260 _aNew Delhi
_bNew Delhi, Commonwealth
_c1990
300 _axix,263
942 _cTB
_hX8(J741).44 N0
999 _c1291783
_d1291783